000 03803nab a2200325 i 4500
003 BR-BrBNA
005 20240819135930.0
008 240819b2018 bl.|r|pooa||| 00| 0 eng |
040 _aBR-BrBNA
_beng
072 _aM12
_b8130
100 _aFadeifard, F.
100 _aRaissy, M.
100 _aJafarian, M.
100 _aRouhi Boroujeni, H.
100 _aRahimi, M.
100 _aFaghani, M.
245 _aEffects of black seed (Nigella sativa), ginger (Zingiber officinale) and cone flower (Echinacea angustifolia) on the immune system of rainbow trout, Oncorhynchus mykiss
500 _aPublicação online; 23 ref.; 2 tables; Summaries (En, Pt)
520 _aABSTRACT - This study was carried out to evaluate the effects of dietary essential oils of ginger (Zingiber officinale), black seed (Nigella sativa) and cone flower (Echinacea angustifolia) on the immune system of cultured rainbow trout, Oncorhynchus mykiss .A total of 360 fish were divided into 4 groups and 3 replicates each containing 30 fish. The fish were fed for 21 days with 1% of the herbal essential oils and with unsupplemented diet as the control group. Haematological and immune parameters including serum lysozyme, number of phagocytic bacteria, Hb, PCV, MCV, MCH, MCHC, number of RBC and WBC were studied. Treatments recorded enhancement in immune parameters compared to the control group. Significantly higher serum lysozyme level and phagocytic germs were detected in the groups fed black seed, ginger and cone flower (P<0.05). However, no significant difference was found in RBC, Hb, PCV, MCV, MCH and MCHC of fish fed the diets containing essential oils and the control group (P>0.05). The results of this study demonstrated that essential oils might strengthen the non-specific immunity of rainbow trout. Keywords: Nigella sativa, Zingiber officinale, Echinacea angustifolia, Immune response, Oncorhynchus mykiss
520 _aRESUMO - Avaliou-se a eficácia de uma dieta com semente preta (Nigella sativa), gengibre (Zingiber officinale) e Flor-de-cone (Echinacea angustifolia) sobre o sistema imunológico de truta arco-íris (Oncorhynchus mykiss) em cultivo. Um total de 360 peixes foram divididos em 4 grupos com 3 repetições cada, contendo 30 peixes. Os peixes foram alimentados por 21 dias com 1% de óleo essencial herbáceo e com dieta comercial não suplementada como controle. Parâmetros imunes e hematológicos incluindo soro lisozima, número de bactéria fagocítica, Hb, PCV, MCV, MCH, MCHC, número de RBC e WBC foram estudados. Os tratamentos registraram a melhoria em parâmetros imunes comparados ao grupo de controle. Foram detectadas concentrações de lisozima no soro e germes fagocíticos significativamente altos em grupos que receberam semente preta, gengibre e Flor-de-cone (P<0.05). Porém, não foi encontrada diferença significativa em RBC, Hb, PCV, MCV, MCH e MCHC nos peixes alimentados com dietas contendo óleos essenciais e no grupo de controle (P>0.05). Os resultados deste estudo demonstraram que óleos essenciais podem aumentar a imunidade não específica da truta arco-íris. Palavras-chave: Nigella sativa, Zingiber officinale, Echinacea angustifolia, resposta imune, Oncorhynchus mykiss
650 _aTRUTA ARCO-ÍRIS
650 _aPEIXE DE ÁGUA DOCE
650 _aDIETA
650 _aÓLEO ESSENCIAL
650 _aIMUNIDADE
773 0 _01643
_9317174
_dBelo Horizonte-MG Universidade Federal de Minas Gerais - Escola de Veterinaria 1983
_o2024-3790
_tArquivo Brasileiro de Medicina Veterinária e Zootecnia (Brazil)
_x0102-0935
_gv. 70(1) p. 199-204; (2018)
_wBR20240022292
856 _uhttps://www.scielo.br/j/abmvz/a/G3f8HLKvnkjqQdWPqT5SFVk/?format=pdf&lang=en
942 _cAnalítica
999 _c300954
_d300954